Theory of probability /

Guardado en:
Autor Principal: Jeffreys, Harold.
Formato: Libro
Idioma:English
Publicado: Oxford : Clarendon Press, 1948.
Edición:2nd ed.
Series:The international series of monographs on physics
Etiquetas: Agregar Etiqueta
Sin Etiquetas, Sea el primero en etiquetar este registro!
LEADER 00482nam a22001575a 4500
001 MAT.inmabb000339
008 031211s1948####enk###########001#0#eng#d
005 20110228185006.0
245 1 0 |a Theory of probability /  |c by Harold Jeffreys. 
250 |a 2nd ed. 
260 |a Oxford :  |b Clarendon Press,  |c 1948. 
300 |a vii, 411 p. ;  |c cm. 
440 4 |a The international series of monographs on physics 
100 1 |a Jeffreys, Harold. 
084 |a 60  |2 msc2000 
859 |h 60  |i J46  |p A-74  |b BIB. MATEMATICA